000
00332 a2200109 4500
001
ART_18353
005
20260410161919.0
008
260409a
245
1
0
_a
Régimen impositivo de las cooperativas
100
1
_a
Vacarezza, Juan Carlos
773
0
_t
La información
_g
- Tomo XXXIII, Nº 558 (jun. 1976)
_w
REV14902
999
_c
27538
_d
27538